000 00507cam a22001454a 4500
020 _a0849314917 (alk. paper)
050 4 _aR857.M3
_bP37 2002
050 4 _aR857.M3P375 2002
245 0 0 _aBiomaterials
_h[electronic resource] :
_bprinciples and applications /
_cedited by Joon B. Park and Joseph D. Bronzino.
260 _aBoca Raton :
_bCRC Press,
_cc2002.
700 1 _aPark, Joon Bu.
700 1 _aBronzino, Joseph D.,
856 4 0 _uhttp://www.columbia.edu/cgi-bin/cul/resolve?clio7935312
942 _2lcc
_cGEN
999 _c4267
_d4267